000 00731nam a2200253Ia 4500
003 OSt
005 20220918163508.0
006 a|||||r|||| 00| 0
007 ta
008 220917b |||||||| |||| 00| 0 eng d
020 _a0049430513
024 _a3,006
037 _cTextual
040 _aARTS
_cARTS
_beng
041 _2eng
_aeng
082 _aV55.M, M7
100 _aEvans Richard J.
_913444
245 0 _aRethinking german history
_b Nineteenth century Germany and the origins of the third reich
260 _aLondon
_bAllen and Unwin
_c1987
300 _aiv,298p
_ccm.
650 _aSOCITIES - GERMAN; HISTORY
_913445
942 _hV55.M, M7
_cTEXL
_2CC
999 _c119853
_d119853